000 01196nam a2200301 a 4500
001 42160
003 BD-RjUL
005 20211209053513.0
008 160609r19721967nyu b 000 0 eng
035 _aOCLC ocm00371802 from D970514M
_aBD-RjUL42278
040 _aDLC
_cDLC
_dEQO
_dBD-RjUL
_beng
041 _aeng
082 0 0 _a341.73
_bZIS 1972
100 1 _aZīle, Zigurds L.
_9129655
245 1 4 _aThe Soviet legal system and arms inspection :
_ba case study in policy implementation /
_c[by] Zigurds L. Zile, Robert Sharlet [and] Jean C. Love.
260 _aNew York :
_bPraeger Publishers,
_c[1972]
300 _axxxvi, 394 p.
_c25 cm.
490 1 _aPraeger special studies in international politics and public affairs
500 _a1967 ed. published under title: Legal aspects of verification in the Soviet Union.
504 _aIncludes bibliographies.
650 0 _aNuclear arms control.
_9129273
650 0 _aNuclear weapons
_xTesting
_xDetection.
_9129656
700 1 _aSharlet, Robert S.
_9129657
700 1 _aLove, Jean C.
_9129658
830 0 _aPraeger special studies in international politics and public affairs
_9129660
942 _2ddc
_cBK
999 _c42160
_d42160